| 000 | 00478nam a22001697a 4500 | ||
|---|---|---|---|
| 999 |
_c64190 _d64190 |
||
| 005 | 20260430124456.0 | ||
| 008 | 260430s1994 enk||||| |||| 00| 0 eng d | ||
| 020 | _a0894648381x | ||
| 041 | _aeng | ||
| 080 | _a628.1 P-90 | ||
| 100 |
_aPrasifka, David W. _927398 |
||
| 245 |
_a Water-supply Planning / _c David W., Prasifka. |
||
| 264 |
_aFlorida, _c1994 |
||
| 300 |
_a268 p.; _b23 cm. |
||
| 653 | _aწყალმომარაგება | ||
| 942 |
_2udc _cᲬᲘᲒᲜᲘ |
||